Statistics for Mariah Carey Quiz

Click here to take the quiz!

General Stats

  • This quiz has been taken 252 times
  • The average score is 7 of 10

Answer Stats

QuestionAnswer% Correct
2008 song: Touch my ____Body
96%
1993 album: Music ___Box
83%
Rapper she married in 2008 and divorced in 2016Nick Cannon
83%
She starred in this 2001 drama/romance filmGlitter
79%
Equation sharing its name with one of her albumsE=MC²
77%
Her 1994 festive themed albumMerry Christmas
74%
Executive Producer she was married to in the 90'sTommy Mottola
70%
She was engaged to this businessmanJames Packer
45%
She starred in this 2013 film with Oprah WinfreyThe Butler
29%
Finish her famous quote Butterflies are always following me, __________ _ __Everywhere I go
18%

Score Distribution

Percentile by Number Answered

Percent of People with Each Score

Your Score History

You have not taken this quiz